000 00479nam a2200181Ia 4500
005 20250508152024.0
008 008 250505s9999 xx 000 0 eng d
037 _aTextual
040 _aFEDL
_beng
_cFEDL
041 _aeng
_2eng
084 _a158, LON
_qFEDL
245 0 _aHandbook on mental health social work
245 0 _cLondon County Council
300 _a114p.
650 _aApplied Psychology
942 _cTEXL
_h158, LON
999 _c1333674
_d1333674